Stream xplorer : a data stream mining application (Record no. 9034)
[ view plain ]
| 000 -LEADER | |
|---|---|
| fixed length control field | 00549 a2200145 4500 |
| 040 ## - CATALOGING SOURCE | |
| Original cataloging agency | DLC |
| 082 ## - DEWEY DECIMAL CLASSIFICATION NUMBER | |
| Classification number | BIT-3 |
| 100 ## - MAIN ENTRY--PERSONAL NAME | |
| Personal name | Muhammad Faisal Alim. |
| 9 (RLIN) | 93172 |
| 245 ## - TITLE STATEMENT | |
| Title | Stream xplorer : a data stream mining application |
| Statement of responsibility, etc. | Muhammad Faisal Alim. |
| 260 ## - PUBLICATION, DISTRIBUTION, ETC. | |
| Place of publication, distribution, etc. | Islamabad : |
| Name of publisher, distributor, etc. | NUST School of Electrical Engineering & Computer Science, |
| Date of publication, distribution, etc. | 2005. |
| 300 ## - PHYSICAL DESCRIPTION | |
| Extent | xi, 85 p. : |
| Other physical details | ill. ; |
| Dimensions | 27 cm. + |
| Accompanying material | CD-ROM. |
| 500 ## - GENERAL NOTE | |
| General note | Supervisors : Mr. Kamran Munir, Mr. Muhammad Umer. |
| 856 ## - ELECTRONIC LOCATION AND ACCESS | |
| Uniform Resource Identifier | <a href="http://10.250.8.41:8080/xmlui/handle/123456789/7958">http://10.250.8.41:8080/xmlui/handle/123456789/7958</a> |
| 942 ## - ADDED ENTRY ELEMENTS (KOHA) | |
| Koha item type | Project Report |
| Call number prefix | BIT-3 FAI |
| Source of classification or shelving scheme | |
| Withdrawn status | Lost status | Source of classification or shelving scheme | Damaged status | Not for loan | Permanent Location | Current Location | Shelving location | Date acquired | Full call number | Barcode | Date last seen | Price effective from | Koha item type |
|---|---|---|---|---|---|---|---|---|---|---|---|---|---|
| WITHDRAWN | Central Library (CL) | Central Library (CL) | General Stacks | 06/07/2014 | BIT-3 FAI | SEECSP00191 | 11/14/2012 | 01/05/2017 | Project Report |
